Normal view
MARC view
- Robert T.Jantzen, Kjell Rosquist
Entry Personal Name
001 - CONTROL NUMBER
- control field: 23955
003 - CONTROL NUMBER IDENTIFIER
- control field: NUST
005 - DATE AND TIME OF LATEST TRANSACTION
- control field: 20191015125731.0
008 - FIXED-LENGTH DATA ELEMENTS
- fixed length control field: 191015|| aca||aabn | a|a d
040 ## - CATALOGING SOURCE
- Original cataloging agency: NUST
- Transcribing agency: NUST
100 ## - HEADING--PERSONAL NAME
- Personal name: Robert T.Jantzen, Kjell Rosquist
670 ## - SOURCE DATA FOUND
- Source citation: Work cat.: (NUST): Robert T.Jantzen, Kjell Rosquist, Proceedings of the Thirteenth Marcel Grossmann Meeting on General Relativity (Part C), 2015
